|
|
|
|
| LEADER |
01508nam a2200361 a 4500 |
| 001 |
35389 |
| 003 |
BD-DhAAL |
| 005 |
20211129152717.0 |
| 008 |
190912t2005 enka b 001 0 eng |
| 999 |
|
|
|c 41230
|d 41230
|
| 010 |
|
|
|a 2005921541
|
| 020 |
|
|
|a 9781412903745 (hbk.)
|
| 020 |
|
|
|a 1412903742 (hbk.)
|
| 020 |
|
|
|a 1412903750 (pbk.)
|
| 040 |
|
|
|a DLC
|c DLC
|d DLC
|d BD-DhAAL
|
| 043 |
|
|
|a e-uk---
|
| 050 |
0 |
0 |
|a LB1139.5.L35
|b N87 2005
|
| 082 |
0 |
0 |
|a 372.6044
|2 22
|
| 100 |
1 |
|
|a Nutbrown, Cathy.
|9 34511
|
| 245 |
1 |
0 |
|a Early literacy work with families :
|b policy, practice and research /
|c Cathy Nutbrown, Peter Hannon and Anne Morgan.
|
| 260 |
|
|
|a London ;
|a Thousand Oaks, Calif. :
|b SAGE Publications,
|c 2005.
|
| 300 |
|
|
|a vi, 200 pages :
|b illustrations ;
|c 24 cm.
|
| 504 |
|
|
|a Includes bibliographical references (p. [187]-197) and index.
|
| 526 |
|
|
|a BIED
|
| 541 |
|
|
|a Complimentary copy from BIED
|e 35389
|
| 650 |
|
0 |
|a Language arts (Early childhood)
|z Great Britain.
|9 34512
|
| 650 |
|
0 |
|a Family literacy programs
|z Great Britain.
|9 34513
|
| 650 |
|
0 |
|a Early childhood education
|x Parent participation
|z Great Britain.
|9 34514
|
| 700 |
1 |
|
|a Hannon, Peter.
|9 34515
|
| 700 |
1 |
|
|a Morgan, Anne,
|d 1965-
|9 34516
|
| 852 |
|
|
|a Ayesha Abed Library
|c BIED Collection
|
| 942 |
|
|
|2 ddc
|c BK
|
| 952 |
|
|
|0 0
|1 0
|2 ddc
|4 0
|6 372_604400000000000_NUT
|7 0
|9 66279
|a BRACUL
|b BRACUL
|c GEN
|d 2019-09-12
|e Complimentary copy from BIED
|l 0
|o 372.6044 NUT
|p 3010035389
|r 2019-09-12
|t 1
|w 2019-09-12
|y BK
|x Transferred from BIED to General Stacks
|